how to read a blance sheet (Record no. 344880)
[ view plain ]
| 000 -LEADER | |
|---|---|
| fixed length control field | 00347 a2200133 4500 |
| 020 ## - INTERNATIONAL STANDARD BOOK NUMBER | |
| International Standard Book Number | 812040405X |
| 082 ## - DEWEY DECIMAL CLASSIFICATION NUMBER | |
| Classification number | 657.33 |
| 090 ## - LOCALLY ASSIGNED LC-TYPE CALL NUMBER (OCLC); LOCAL CALL NUMBER (RLIN) | |
| -- | 2382 |
| -- | 2382 |
| 100 ## - MAIN ENTRY--PERSONAL NAME | |
| Personal name | oxford |
| 245 ## - TITLE STATEMENT | |
| Title | how to read a blance sheet |
| Remainder of title | an ILO Programmed book |
| Statement of responsibility, etc. | Oxford |
| 260 ## - PUBLICATION, DISTRIBUTION, ETC. | |
| Place of publication, distribution, etc. | New Delhi |
| Name of publisher, distributor, etc. | Oxford and IBH Publishing |
| Date of publication, distribution, etc. | 2004 |
| 300 ## - PHYSICAL DESCRIPTION | |
| Extent | 213 |
| 942 ## - ADDED ENTRY ELEMENTS (KOHA) | |
| Institution code [OBSOLETE] | NBS |
| Koha item type | Book |
| Call number prefix | 657.33 OXF |
| Withdrawn status | Lost status | Damaged status | Not for loan | Permanent Location | Current Location | Date acquired | Total Checkouts | Full call number | Barcode | Date last seen | Price effective from | Koha item type |
|---|---|---|---|---|---|---|---|---|---|---|---|---|
| Central Library (CL) | Central Library (CL) | 08/28/2013 | 657.33 OXF | NBS6605 | 07/12/2023 | 08/28/2013 | Book |
